[Event "St Veit op 41st"]
[Site "St Veit"]
[Date "2022.07.10"]
[Round "3"]
[White "Kozomara, David"]
[Black "Caruso, Augusto"]
[Result "1/2-1/2"]
[WhiteElo "2016"]
[BlackElo "2132"]
[PlyCount "101"]
[EventDate "2022.07.09"]
[EventType "swiss"]
[EventRounds "9"]
[EventCountry "AUT"]
[SourceTitle "CBM 209 Extra"]
[Source "ChessBase"]
[SourceDate "2022.09.30"]
[SourceVersion "1"]
[SourceVersionDate "2022.09.30"]
[SourceQuality "1"]

1. e4 e6 2. d4 d5 3. exd5 exd5 4. Bd3 Bd6 5. c3 Ne7 6. Ne2 Bf5 7. Bg5 Qd7 8. 0-0 Ng6 9. Ng3 Bxd3 10. Qxd3 0-0 11. Nf5 Bf4 12. Ne7+ Nxe7 13. Bxf4 Ng6 14. Bg3 f5 15. Be5 f4 16. Nd2 Nc6 17. Nf3 Rae8 18. Rfe1 Re7 19. Re2 Nd8 20. Rae1 Nf7 21. c4 c6 22. c5 Rfe8 23. b4 b5 24. a3 Ra8 25. Qc2 a5 26. h3 axb4 27. axb4 Ra4 28. Bxf4 Rxe2 29. Qxe2 Ra8 30. Bg3 Rc8 31. Ne5 Nfxe5 32. Bxe5 Re8 33. Qf3 Nxe5 34. dxe5 Qe6 35. Qh5 g6 36. Qg5 Kg7 37. f4 h6 38. Qf6+ Qxf6 39. exf6+ Kf7 40. Re5 Ra8 41. f5 gxf5 42. Rxf5 Kg6 43. Rf3 Rf8 44. f7 Rxf7 45. Rg3+ Kf6 46. Kf2 Ke5+ 47. Ke2 Rf6 48. Rg4 Re6 49. Kf3 Rf6+ 50. Ke2 Re6 51. Kf3 1/2-1/2

[Event "Steyr Landesliga 1920"]
[Site "Austria"]
[Date "2019.12.07"]
[Round "6.7"]
[White "Raeke, Philipp"]
[Black "Kozomara, David"]
[Result "1/2-1/2"]
[WhiteElo "1812"]
[BlackElo "2020"]
[PlyCount "87"]
[EventDate "2019.09.28"]
[EventType "team-tourn"]
[EventRounds "11"]
[EventCountry "AUT"]
[SourceTitle "CBM 194 Extra"]
[Source "ChessBase"]
[SourceDate "2020.03.31"]
[SourceVersion "1"]
[SourceVersionDate "2020.03.31"]
[SourceQuality "1"]
[WhiteTeam "Trofaiach Niklasdorf"]
[BlackTeam "Graz Styria"]
[WhiteTeamCountry "AUT"]
[BlackTeamCountry "AUT"]

1. Nf3 c5 2. g3 Nc6 3. Bg2 d6 4. 0-0 Nf6 5. d3 Bg4 6. h3 Bd7 7. Nbd2 g6 8. e4 Bg7 9. a4 0-0 10. Re1 Qc8 11. Kh2 Ne8 12. Nc4 Be6 13. Ne3 Nc7 14. Ng5 Bd7 15. f4 Rb8 16. g4 Bh6 17. Nf1 Bg7 18. Nf3 a6 19. Ne3 b5 20. Nd5 e6 21. Ne3 Nd4 22. axb5 axb5 23. c3 Nxf3+ 24. Qxf3 Bc6 25. g5 f5 26. gxf6 Rxf6 27. Qg3 Rf7 28. Kh1 Ne8 29. Ng4 Nf6 30. Nxf6+ Bxf6 31. Be3 b4 32. d4 bxc3 33. bxc3 cxd4 34. cxd4 Rb2 35. Rab1 Rfb7 36. Rxb2 Rxb2 37. Bc1 Rc2 38. Qb3 Bxe4 39. Rxe4 Rxc1+ 40. Kh2 d5 41. Rxe6 Qxe6 42. Bxd5 Rc2+ 43. Kh1 Rc1+ 44. Kh2 1/2-1/2

[Event "Steyr Landesliga 1819"]
[Site "Austria"]
[Date "2019.03.23"]
[Round "10.7"]
[White "Kozomara, David"]
[Black "Raeke, Philipp"]
[Result "1-0"]
[WhiteElo "2025"]
[BlackElo "1670"]
[PlyCount "57"]
[EventDate "2018.10.06"]
[EventType "team-tourn"]
[EventRounds "11"]
[EventCountry "AUT"]
[SourceTitle "CBM 189 Extra"]
[Source "ChessBase"]
[SourceDate "2019.06.03"]
[SourceVersion "1"]
[SourceVersionDate "2019.06.03"]
[SourceQuality "1"]
[WhiteTeam "Graz Styria"]
[BlackTeam "Trofaiach Niklasdorf"]
[WhiteTeamCountry "AUT"]
[BlackTeamCountry "AUT"]

1. e4 e5 2. Nf3 Nc6 3. d4 exd4 4. Nxd4 Qh4 5. Nc3 Bb4 6. Be2 Qxe4 7. Ndb5 Bxc3+ 8. bxc3 Kd8 9. 0-0 a6 10. Nd4 Nge7 11. Bf3 Qg6 12. Re1 d6 13. Rb1 f5 14. Qe2 Qf6 15. Nxc6+ Nxc6 16. Bd5 h6 17. Bb2 Bd7 18. c4 Qg6 19. Bc3 Kc8 20. Qf3 Rb8 21. Re2 Re8 22. Rbe1 Nd8 23. Rxe8 Bxe8 24. Re7 Bf7 25. Bxf7 Nxf7 26. Qd5 Nd8 27. Rxg7 Qe8 28. Qxf5+ Ne6 29. Bf6 1-0

[Event "Steyr Landesliga 1819"]
[Site "Austria"]
[Date "2019.01.12"]
[Round "6.7"]
[White "Preck, Patrick"]
[Black "Kozomara, David"]
[Result "0-1"]
[WhiteElo "1748"]
[BlackElo "2025"]
[PlyCount "94"]
[EventDate "2018.10.06"]
[EventType "team-tourn"]
[EventRounds "11"]
[EventCountry "AUT"]
[SourceTitle "CBM 189 Extra"]
[Source "ChessBase"]
[SourceDate "2019.06.03"]
[SourceVersion "1"]
[SourceVersionDate "2019.06.03"]
[SourceQuality "1"]
[WhiteTeam "Graz Austria"]
[BlackTeam "Graz Styria"]
[WhiteTeamCountry "AUT"]
[BlackTeamCountry "AUT"]

1. d4 Nf6 2. Nf3 e6 3. Nbd2 c5 4. e3 Nc6 5. c3 d5 6. Bd3 c4 7. Bc2 b5 8. 0-0 Be7 9. e4 dxe4 10. Nxe4 Bb7 11. Nxf6+ Bxf6 12. Qe2 0-0 13. h4 Ne7 14. Ng5 Bxg5 15. Bxg5 Qd5 16. f3 Nf5 17. Qf2 h6 18. Bf4 Qd8 19. h5 a5 20. Be4 Bd5 21. Rfe1 Ra6 22. Bxf5 exf5 23. Re5 Qd7 24. Rae1 Re6 25. Qc2 f6 26. Rxe6 Bxe6 27. Kf2 Bf7 28. Rh1 Re8 29. Qd2 Kh7 30. a3 Qe6 31. Qc2 Bxh5 32. d5 Qb6+ 33. Kg3 Bg6 34. Qd2 h5 35. d6 Bf7 36. d7 Rd8 37. Re1 Be6 38. Qe2 Bxd7 39. Qe7 Re8 40. Qxd7 Rxe1 41. Qxf5+ Kg8 42. Qxh5 Re2 43. Qd5+ Kf8 44. Bd6+ Ke8 45. Bc5 Qe6 46. Qh5+ Kd7 47. Bd4 Rxb2 0-1

[Event "Steyr Landesliga 1516"]
[Site "Austria"]
[Date "2016.01.23"]
[Round "6.7"]
[White "Suppan, Harald"]
[Black "Kozomara, David"]
[Result "0-1"]
[WhiteElo "2071"]
[BlackElo "2001"]
[PlyCount "96"]
[EventDate "2015.09.26"]
[EventType "team-tourn"]
[EventRounds "11"]
[EventCountry "AUT"]
[SourceTitle "CBM 170 Extra"]
[Source "ChessBase"]
[SourceDate "2016.02.25"]
[SourceVersion "1"]
[SourceVersionDate "2016.02.25"]
[SourceQuality "1"]
[WhiteTeam "Graz Schachfreunde"]
[BlackTeam "Graz Styria"]
[WhiteTeamCountry "AUT"]
[BlackTeamCountry "AUT"]

1. e4 c5 2. Nf3 e6 3. Nc3 a6 4. d4 cxd4 5. Nxd4 Qc7 6. Bd3 Nf6 7. 0-0 Bc5 8. Be3 d6 9. Qe2 Bd7 10. Rad1 Qb6 11. Nb3 Bxe3 12. fxe3 Nc6 13. Na4 Qb4 14. e5 dxe5 15. Nac5 Rd8 16. Qf3 Bc8 17. Nxa6 Qg4 18. Nc7+ Ke7 19. Qf2 e4 20. Be2 Qg5 21. Nb5 Rxd1 22. Rxd1 Nd5 23. Bf1 Qxe3 24. Re1 Qxf2+ 25. Kxf2 f5 26. c4 Nf6 27. Be2 h5 28. h3 g5 29. Rd1 e5 30. Nc5 f4 31. Nd6 e3+ 32. Kg1 Nd4 33. Rxd4 exd4 34. Nb5 Rd8 35. Bd3 g4 36. hxg4 hxg4 37. Be2 b6 38. Nd3 Nh5 39. Nc7 Bf5 40. Nd5+ Rxd5 41. cxd5 f3 42. gxf3 Ng3 43. Nf4 Nxe2+ 44. Nxe2 d3 45. Nd4 Bc8 46. Kf1 d2 47. Ke2 gxf3+ 48. Kd1 f2 0-1

[Event "Steyr Landesliga 1314"]
[Site "Austria"]
[Date "2014.03.29"]
[Round "10.7"]
[White "Handler, Franz"]
[Black "Kozomara, David"]
[Result "0-1"]
[WhiteElo "1888"]
[BlackElo "1938"]
[PlyCount "90"]
[EventDate "2013.09.28"]
[EventType "team-tourn"]
[EventRounds "11"]
[EventCountry "AUT"]
[SourceTitle "EXT 2015"]
[Source "ChessBase"]
[SourceDate "2014.11.20"]
[SourceVersion "1"]
[SourceVersionDate "2014.11.20"]
[SourceQuality "1"]
[WhiteTeam "Hartberg"]
[BlackTeam "Graz Styria"]
[WhiteTeamCountry "AUT"]
[BlackTeamCountry "AUT"]

1. d4 Nf6 2. c4 c5 3. d5 b5 4. Nf3 e6 5. dxe6 fxe6 6. e3 bxc4 7. Bxc4 d5 8. Bd3 Bd6 9. b3 0-0 10. Bb2 Nbd7 11. Nc3 a6 12. Ne2 Bb7 13. 0-0 Qe7 14. Ng3 Ng4 15. Qe2 Nge5 16. Nxe5 Nxe5 17. Bxh7+ Kxh7 18. Bxe5 Kg8 19. Bxd6 Qxd6 20. Rfd1 Qc6 21. f3 Rf6 22. Rac1 a5 23. Rc3 Ba6 24. Qd2 Qb6 25. Rdc1 c4 26. Ne2 Raf8 27. f4 g5 28. g3 gxf4 29. gxf4 Rg6+ 30. Kh1 d4 31. Qxd4 Bb7+ 32. e4 Qxd4 33. Nxd4 Bxe4+ 34. Nf3 Rxf4 35. Rf1 cxb3 36. axb3 Kg7 37. Rf2 Kf6 38. Re3 Bd5 39. Rd3 Ke7 40. Re3 Rg8 41. Rf1 Kd6 42. Rf2 e5 43. Rf1 Rg7 44. Rc3 Rgf7 45. Kg2 e4 0-1

[Event "AUT-chT2M 1314"]
[Site "Austria"]
[Date "2013.11.17"]
[Round "5.6"]
[White "Kozomara, David"]
[Black "Sandner, Wolfgang"]
[Result "1-0"]
[WhiteElo "1938"]
[BlackElo "2217"]
[PlyCount "81"]
[EventDate "2013.10.04"]
[EventType "team-tourn"]
[EventRounds "11"]
[EventCountry "AUT"]
[SourceTitle "EXT 2015"]
[Source "ChessBase"]
[SourceDate "2014.11.20"]
[SourceVersion "1"]
[SourceVersionDate "2014.11.20"]
[SourceQuality "1"]
[WhiteTeam "Graz Styria"]
[BlackTeam "Gleisdorf"]
[WhiteTeamCountry "AUT"]
[BlackTeamCountry "AUT"]

1. e4 d6 2. d4 Nf6 3. Nc3 e5 4. Nf3 Nbd7 5. Bc4 Be7 6. 0-0 0-0 7. Re1 c6 8. Bb3 a6 9. a4 b6 10. d5 c5 11. Bc4 Nh5 12. Ra3 Ndf6 13. Qd3 g6 14. Bh6 Re8 15. Bg5 Bf8 16. Qd2 Bg4 17. Nd1 Bg7 18. h3 Bd7 19. Nh2 b5 20. axb5 axb5 21. Rxa8 Qxa8 22. Bf1 Qa4 23. Nc3 Qa5 24. Nf3 b4 25. Nd1 Qa4 26. b3 Qa2 27. Bd3 Bc8 28. g4 Nf4 29. Bxf4 exf4 30. Qxf4 Rd8 31. Ne3 h5 32. e5 dxe5 33. Nxe5 hxg4 34. hxg4 Rf8 35. Bc4 Ne8 36. Nc6 Bc3 37. Rd1 Kg7 38. d6 Bd7 39. Ne5 Nf6 40. Nxf7 Qa8 41. Qh6+ 1-0

[Event "AUT-chT2M 1213"]
[Site "Austria"]
[Date "2013.04.20"]
[Round "10.6"]
[White "Forstner, Joerg"]
[Black "Kozomara, David"]
[Result "1-0"]
[WhiteElo "2127"]
[BlackElo "1922"]
[PlyCount "77"]
[EventDate "2012.10.19"]
[EventType "team-tourn"]
[EventRounds "11"]
[EventCountry "AUT"]
[SourceTitle "EXT 2014"]
[Source "ChessBase"]
[SourceDate "2013.11.20"]
[SourceVersion "1"]
[SourceVersionDate "2013.11.20"]
[SourceQuality "1"]
[WhiteTeam "Steyregg"]
[BlackTeam "Graz Styria"]
[WhiteTeamCountry "AUT"]
[BlackTeamCountry "AUT"]

1. d4 Nf6 2. Nf3 c5 3. d5 e6 4. c4 b5 5. dxe6 fxe6 6. cxb5 d5 7. Bg5 Be7 8. e3 0-0 9. Be2 Nbd7 10. Nc3 Bb7 11. 0-0 Qb8 12. Qc2 Bd6 13. h3 e5 14. Nd2 e4 15. Rad1 h6 16. Bxf6 Nxf6 17. Nb3 Qe8 18. Na5 Qe5 19. g3 Bc8 20. Nxd5 Bxh3 21. Nc4 Qe6 22. Nxf6+ Rxf6 23. Rxd6 Qf5 24. Rxf6 Qxf6 25. Rd1 Rf8 26. Bf1 Bg4 27. Rd2 Bf3 28. Qc3 Qg5 29. Qe5 Rf5 30. Qe8+ Rf8 31. Qe6+ Kh7 32. Nd6 Qh5 33. Bh3 Rf6 34. Qd7 Kh8 35. Ne8 Rf7 36. Qe6 Rf8 37. Nxg7 Kxg7 38. Rd7+ Kh8 39. Qe7 1-0

[Event "AUT-chT2M 1213"]
[Site "Austria"]
[Date "2013.03.24"]
[Round "8.6"]
[White "Posch, Siegfried"]
[Black "Kozomara, David"]
[Result "1/2-1/2"]
[WhiteElo "2077"]
[BlackElo "1922"]
[PlyCount "63"]
[EventDate "2012.10.19"]
[EventType "team-tourn"]
[EventRounds "11"]
[EventCountry "AUT"]
[SourceTitle "EXT 2014"]
[Source "ChessBase"]
[SourceDate "2013.11.20"]
[SourceVersion "1"]
[SourceVersionDate "2013.11.20"]
[SourceQuality "1"]
[WhiteTeam "Fuerstenfeld"]
[BlackTeam "Graz Styria"]
[WhiteTeamCountry "AUT"]
[BlackTeamCountry "AUT"]

1. d4 Nf6 2. c4 c5 3. Nf3 e6 4. Nc3 cxd4 5. Nxd4 a6 6. g3 Qc7 7. Qd3 b6 8. Bg2 Bb7 9. 0-0 Bxg2 10. Kxg2 Nc6 11. Qf3 Rc8 12. Nxc6 Qxc6 13. Be3 Bc5 14. Bxc5 Qxf3+ 15. Kxf3 Rxc5 16. Na4 Rf5+ 17. Kg2 b5 18. cxb5 axb5 19. Rac1 Ke7 20. Nb6 Rb8 21. Nc8+ Kd8 22. Nd6 Rd5 23. Rfd1 Rxd1 24. Rxd1 Ke7 25. e4 Ng4 26. b3 f6 27. h3 Ne5 28. f4 Nc6 29. Rd2 g6 30. g4 g5 31. f5 Ne5 32. Kg3 1/2-1/2

[Event "AUT-chT2M 1213"]
[Site "Austria"]
[Date "2013.03.23"]
[Round "7.6"]
[White "Niederwieser, Peter"]
[Black "Kozomara, David"]
[Result "1-0"]
[WhiteElo "2192"]
[BlackElo "1922"]
[PlyCount "155"]
[EventDate "2012.10.19"]
[EventType "team-tourn"]
[EventRounds "11"]
[EventCountry "AUT"]
[SourceTitle "EXT 2014"]
[Source "ChessBase"]
[SourceDate "2013.11.20"]
[SourceVersion "1"]
[SourceVersionDate "2013.11.20"]
[SourceQuality "1"]
[WhiteTeam "Sauwald"]
[BlackTeam "Graz Styria"]
[WhiteTeamCountry "AUT"]
[BlackTeamCountry "AUT"]

1. d4 Nf6 2. c4 c5 3. d5 b5 4. Qc2 g6 5. e4 d6 6. cxb5 Bg7 7. Nc3 0-0 8. Nf3 a6 9. a4 Ng4 10. h3 Ne5 11. Nxe5 Bxe5 12. Bh6 Re8 13. Be2 axb5 14. Bxb5 Bd7 15. 0-0 Na6 16. f4 Bd4+ 17. Kh1 Nc7 18. Bxd7 Qxd7 19. f5 Reb8 20. Rf3 Rb4 21. Raf1 f6 22. Rg3 Be5 23. Rg4 Kf7 24. fxg6+ hxg6 25. Bf4 Rh8 26. Qe2 Rxb2 27. Qxb2 Qxg4 28. Bxe5 dxe5 29. Rf3 Qc8 30. Qb6 Na8 31. Qb5 g5 32. Kg1 g4 33. hxg4 Qxg4 34. Qxc5 Qh4 35. Qe3 Qh1+ 36. Kf2 Rg8 37. Rg3 Qh4 38. Ne2 Rg4 39. Kf3 Rxg3+ 40. Nxg3 Nb6 41. Nf5 Qh5+ 42. Kf2 Nc8 43. a5 Qd1 44. Qc3 Nd6 45. Nxd6+ exd6 46. a6 Qa4 47. Qd3 Kg6 48. Kg3 Kg7 49. Kh2 Kg6 50. Kh3 Qd7+ 51. Kh4 Qh7+ 52. Kg3 Qa7 53. Qa3 Kf7 54. Kf3 Ke7 55. Qa4 Kf7 56. Qa3 Ke7 57. Kg3 Kf7 58. Kh2 Ke7 59. Kh1 Kd7 60. Qh3+ Kc7 61. Qh7+ Kb6 62. Qxa7+ Kxa7 63. Kh2 Kxa6 64. Kg3 Kb6 65. Kg4 Kc5 66. Kf5 Kd4 67. g4 Ke3 68. Kxf6 Kxe4 69. g5 Kxd5 70. g6 e4 71. g7 Kd4 72. g8Q e3 73. Qg4+ Kd3 74. Qd1+ Ke4 75. Ke6 d5 76. Qxd5+ Kf4 77. Qf5+ Kg3 78. Qf1 1-0

[Event "AUT-chT2M 1213"]
[Site "Austria"]
[Date "2013.03.22"]
[Round "6.6"]
[White "Schink, Barbara"]
[Black "Kozomara, David"]
[Result "1-0"]
[WhiteElo "2167"]
[BlackElo "1922"]
[PlyCount "123"]
[EventDate "2012.10.19"]
[EventType "team-tourn"]
[EventRounds "11"]
[EventCountry "AUT"]
[SourceTitle "EXT 2014"]
[Source "ChessBase"]
[SourceDate "2013.11.20"]
[SourceVersion "1"]
[SourceVersionDate "2013.11.20"]
[SourceQuality "1"]
[WhiteTeam "Graz Strassenbahn"]
[BlackTeam "Graz Styria"]
[WhiteTeamCountry "AUT"]
[BlackTeamCountry "AUT"]

1. e4 c5 2. Nf3 e6 3. d4 cxd4 4. Nxd4 a6 5. Nc3 Nc6 6. Be2 Qc7 7. 0-0 Nf6 8. Be3 Be7 9. f4 d6 10. a4 Bd7 11. Nb3 Na5 12. Nxa5 Qxa5 13. Qd3 Bc6 14. b4 Qc7 15. b5 Bd7 16. Bf3 Rc8 17. Bd2 axb5 18. axb5 0-0 19. Kh1 Rfd8 20. Ra7 Be8 21. Qe2 d5 22. e5 Nd7 23. Ra2 Nb6 24. Be1 Nc4 25. Qf2 Bc5 26. Qe2 Ne3 27. Rf2 Nf5 28. Rf1 Bb4 29. Nxd5 exd5 30. Bxb4 Nd4 31. Qf2 Qc4 32. c3 Nxf3 33. gxf3 Bxb5 34. Rg1 Qxf4 35. Be7 Qxe5 36. Bxd8 Rxd8 37. Qb6 Qe8 38. Rxg7+ Kxg7 39. Rg2+ Kf8 40. Qc5+ Qe7 41. Rg8+ Kxg8 42. Qxe7 Rd7 43. Qf6 Bd3 44. h4 h5 45. Qg5+ Bg6 46. f4 d4 47. Qe5 Rd8 48. cxd4 b5 49. f5 Bh7 50. f6 Bg6 51. d5 b4 52. d6 b3 53. Kh2 Kh7 54. Kg3 Rd7 55. Kf4 Rb7 56. Qb2 Rb6 57. Ke5 Rb5+ 58. Kd4 Bf5 59. Kc4 Rb7 60. Qg2 Be6+ 61. Kc3 Bg4 62. Qxb7 1-0

[Event "AUT-chT2M 1213"]
[Site "Austria"]
[Date "2012.10.21"]
[Round "3.6"]
[White "Kozomara, David"]
[Black "Hackl, David"]
[Result "1-0"]
[WhiteElo "1922"]
[BlackElo "1944"]
[PlyCount "65"]
[EventDate "2012.10.19"]
[EventType "team-tourn"]
[EventRounds "11"]
[EventCountry "AUT"]
[SourceTitle "EXT 2013"]
[Source "ChessBase"]
[SourceDate "2012.11.22"]
[SourceVersion "1"]
[SourceVersionDate "2012.11.22"]
[SourceQuality "1"]
[WhiteTeam "Graz Styria"]
[BlackTeam "Klagenfurt"]
[WhiteTeamCountry "AUT"]
[BlackTeamCountry "AUT"]

1. e4 c5 2. Nf3 d6 3. d4 cxd4 4. Nxd4 Nf6 5. Nc3 a6 6. Be2 e6 7. Be3 Qc7 8. a4 b6 9. f4 Bb7 10. Bf3 Nbd7 11. f5 e5 12. Nb3 Be7 13. g4 h6 14. 0-0 0-0 15. Bg2 Rfd8 16. h4 Nc5 17. Nxc5 dxc5 18. Qf3 c4 19. g5 hxg5 20. hxg5 Nd7 21. f6 Bc5 22. Bxc5 Qxc5+ 23. Kh2 g6 24. Rad1 Nf8 25. Nd5 Bxd5 26. exd5 Nh7 27. Qg3 Qd6 28. Rfe1 e4 29. Rxe4 Nxg5 30. Re8+ Kh7 31. Qxd6 Rxd6 32. Rxa8 Rxf6 33. d6 1-0

[Event "Steyr Landesliga 1112"]
[Site "Austria"]
[Date "2011.11.26"]
[Round "6.7"]
[White "Kozomara, David"]
[Black "Preck, Helmut"]
[Result "1/2-1/2"]
[WhiteElo "1940"]
[BlackElo "2025"]
[PlyCount "72"]
[EventDate "2011.09.24"]
[EventType "team-tourn"]
[EventRounds "11"]
[EventCountry "AUT"]
[SourceTitle "EXT 2013"]
[Source "ChessBase"]
[SourceDate "2012.11.22"]
[SourceVersion "1"]
[SourceVersionDate "2012.11.22"]
[SourceQuality "1"]
[WhiteTeam "Graz Styria"]
[BlackTeam "Graz Austria"]
[WhiteTeamCountry "AUT"]
[BlackTeamCountry "AUT"]

1. e4 e6 2. d4 d5 3. exd5 exd5 4. Bd3 Bd6 5. Ne2 Ne7 6. 0-0 0-0 7. Ng3 Nd7 8. Bg5 f6 9. Bd2 Re8 10. Nc3 c6 11. Qh5 Nf8 12. Rae1 Bd7 13. Na4 Qc8 14. h3 Be6 15. Nc5 Bf7 16. Qf3 Qc7 17. Nh5 Neg6 18. Qg4 Rxe1 19. Rxe1 Re8 20. Rxe8 Bxe8 21. f4 Bxc5 22. dxc5 Qe7 23. b4 a5 24. a3 axb4 25. axb4 Ne6 26. c3 Nd8 27. Ng3 Bd7 28. Nf5 Bxf5 29. Bxf5 Nf8 30. h4 Qf7 31. h5 g6 32. hxg6 hxg6 33. Bd3 f5 34. Qh4 Nde6 35. g4 Ng7 36. g5 Nge6 1/2-1/2

[Event "Steyr Landesliga 1112"]
[Site "Austria"]
[Date "2011.10.15"]
[Round "3.7"]
[White "Buchegger, Josef"]
[Black "Kozomara, David"]
[Result "1/2-1/2"]
[WhiteElo "2091"]
[BlackElo "1940"]
[PlyCount "51"]
[EventDate "2011.09.24"]
[EventType "team-tourn"]
[EventRounds "11"]
[EventCountry "AUT"]
[SourceTitle "EXT 2013"]
[Source "ChessBase"]
[SourceDate "2012.11.22"]
[SourceVersion "1"]
[SourceVersionDate "2012.11.22"]
[SourceQuality "1"]
[WhiteTeam "Hartberg"]
[BlackTeam "Graz Styria"]
[WhiteTeamCountry "AUT"]
[BlackTeamCountry "AUT"]

1. c4 Nf6 2. Nf3 c5 3. g3 b6 4. Bg2 Bb7 5. 0-0 g6 6. Nc3 Bg7 7. d4 cxd4 8. Nxd4 Bxg2 9. Kxg2 0-0 10. e4 Nc6 11. Nc2 d6 12. Be3 Rc8 13. Rc1 Qd7 14. f3 Rfd8 15. Qd2 Qb7 16. Rfd1 Ne5 17. b3 Rd7 18. Nb4 e6 19. Nd3 Nc6 20. Qf2 Rcd8 21. Rd2 d5 22. cxd5 exd5 23. exd5 Nxd5 24. Nxd5 Rxd5 25. Nf4 Rxd2 26. Bxd2 1/2-1/2

[Event "AUT-chT 1011"]
[Site "Austria"]
[Date "2011.01.23"]
[Round "7.6"]
[White "Kaspret, Guido"]
[Black "Kozomara, David"]
[Result "1-0"]
[WhiteElo "2291"]
[BlackElo "1935"]
[PlyCount "67"]
[EventDate "2010.11.19"]
[EventType "team-tourn"]
[EventRounds "11"]
[EventCountry "AUT"]
[SourceTitle "EXT 2012"]
[Source "ChessBase"]
[SourceDate "2011.11.24"]
[SourceVersion "1"]
[SourceVersionDate "2011.11.24"]
[SourceQuality "1"]
[WhiteTeam "St Veit"]
[BlackTeam "Graz Styria"]
[WhiteTeamCountry "AUT"]
[BlackTeamCountry "AUT"]

1. c4 Nf6 2. Nf3 c6 3. g3 d5 4. Qc2 Bg4 5. Bg2 e6 6. 0-0 Be7 7. d3 0-0 8. b3 Nbd7 9. Bb2 Rc8 10. Nbd2 Re8 11. Rac1 Bd6 12. e4 dxe4 13. dxe4 e5 14. h3 Bh5 15. Nh4 Bc5 16. Ndf3 Qb6 17. a3 a5 18. Rb1 Qa7 19. Bc1 b5 20. b4 Bb6 21. Nf5 Bc7 22. Be3 Qb8 23. bxa5 Bxa5 24. Rfd1 Rc7 25. Rd6 Bg6 26. N3h4 Nb6 27. Bf1 Nc8 28. Rdd1 Ne7 29. Nxe7+ Rexe7 30. Nxg6 hxg6 31. Bc5 Re8 32. Be3 Rce7 33. Rxb5 Qc7 34. Qa4 1-0

[Event "AUT-chT 1011"]
[Site "Austria"]
[Date "2011.01.22"]
[Round "6.6"]
[White "Kozomara, David"]
[Black "Thiede, Lars"]
[Result "0-1"]
[WhiteElo "1935"]
[BlackElo "2445"]
[PlyCount "62"]
[EventDate "2010.11.19"]
[EventType "team-tourn"]
[EventRounds "11"]
[EventCountry "AUT"]
[SourceTitle "EXT 2012"]
[Source "ChessBase"]
[SourceDate "2011.11.24"]
[SourceVersion "1"]
[SourceVersionDate "2011.11.24"]
[SourceQuality "1"]
[WhiteTeam "Graz Styria"]
[BlackTeam "Wulkaprodersdorf"]
[WhiteTeamCountry "AUT"]
[BlackTeamCountry "AUT"]

1. b3 e5 2. Bb2 Nc6 3. e3 g6 4. c4 Bg7 5. d3 Nge7 6. Nd2 0-0 7. Rc1 d5 8. Qc2 d4 9. e4 Nb4 10. Qb1 c5 11. a3 Nbc6 12. b4 cxb4 13. axb4 Nxb4 14. Ba3 a5 15. Ngf3 Nec6 16. Be2 f5 17. c5 Be6 18. Bd1 fxe4 19. Nxe4 Rxf3 20. Bxf3 Ba2 21. Qa1 Nxd3+ 22. Kf1 Nxc1 23. Bxc1 Bc4+ 24. Kg1 Qd7 25. Qa4 Be6 26. h3 d3 27. Nd6 Nd4 28. Qd1 Nxf3+ 29. Qxf3 Qc6 30. Qxd3 Qxc5 31. Be3 Qd5 0-1

[Event "Graz op-A 17th"]
[Site "Graz"]
[Date "2010.09.03"]
[Round "7"]
[White "Kozomara, David"]
[Black "Teuschler, Hugo"]
[Result "0-1"]
[WhiteElo "1962"]
[BlackElo "2043"]
[PlyCount "104"]
[EventDate "2010.08.21"]
[EventType "swiss"]
[EventRounds "9"]
[EventCountry "AUT"]
[SourceTitle "CBM 138 Extra"]
[Source "ChessBase"]
[SourceDate "2010.10.29"]
[SourceVersion "1"]
[SourceVersionDate "2010.10.29"]
[SourceQuality "1"]

1. e4 c5 2. Nf3 d6 3. d4 cxd4 4. Nxd4 Nf6 5. Nc3 a6 6. Be2 e5 7. Nb3 Be7 8. Be3 0-0 9. f3 Be6 10. Qd2 Nbd7 11. g4 b5 12. 0-0-0 Nb6 13. Qe1 Nfd7 14. h4 Qc7 15. Kb1 Rfc8 16. Bd3 Bc4 17. Rc1 b4 18. Ne2 a5 19. Nd2 a4 20. Nxc4 Nxc4 21. Bg5 Bf8 22. Bxc4 Qxc4 23. Qd2 Nc5 24. Be3 Qb5 25. c4 Qb7 26. Rhd1 Nb3 27. Qd3 Nxc1 28. Rxc1 Rc6 29. h5 Rac8 30. b3 axb3 31. axb3 Qa6 32. Kc2 Qa2+ 33. Kd1 Ra6 34. Rb1 Qa5 35. g5 Qd8 36. Bd2 Rca8 37. g6 fxg6 38. hxg6 h5 39. f4 Qh4 40. Qd5+ Kh8 41. f5 Qh1+ 42. Be1 Qf3 43. Qd2 Ra2 44. Rb2 Ra1+ 45. Kc2 Qxe4+ 46. Qd3 Qxd3+ 47. Kxd3 Rxe1 48. Ng3 h4 49. Ne4 Be7 50. Rg2 Rf1 51. Ng5 Bxg5 52. Rxg5 Rf4 0-1

[Event "Graz op-A 17th"]
[Site "Graz"]
[Date "2010.08.31"]
[Round "4"]
[White "Stagl, Marco"]
[Black "Kozomara, David"]
[Result "1-0"]
[WhiteElo "2106"]
[BlackElo "1962"]
[PlyCount "119"]
[EventDate "2010.08.21"]
[EventType "swiss"]
[EventRounds "9"]
[EventCountry "AUT"]
[SourceTitle "CBM 138 Extra"]
[Source "ChessBase"]
[SourceDate "2010.10.29"]
[SourceVersion "1"]
[SourceVersionDate "2010.10.29"]
[SourceQuality "1"]

1. Nf3 Nf6 2. c4 e6 3. g3 d5 4. d4 c6 5. Bg2 Be7 6. 0-0 0-0 7. Qc2 Nbd7 8. Nbd2 c5 9. Rd1 Qb6 10. cxd5 exd5 11. Nb3 c4 12. Nbd2 Nb8 13. e4 Nc6 14. exd5 Nb4 15. Qb1 Qc7 16. Ne5 c3 17. bxc3 Nbxd5 18. Bb2 Nxc3 19. Bxc3 Qxc3 20. Ndc4 Rd8 21. Rd3 Qb4 22. Qd1 Bf8 23. Rb1 Qe7 24. Ne3 Rd6 25. N5c4 Ra6 26. a4 Rb8 27. Rb5 Bd7 28. Rxb7 Rxb7 29. Bxb7 Rxa4 30. Nd5 Nxd5 31. Bxd5 Rb4 32. Ne5 Be8 33. Rf3 Rb5 34. Bxf7+ Bxf7 35. Rxf7 Qd8 36. Qf3 a5 37. Nc6 Qe8 38. Ra7 Bb4 39. Qb3+ Kh8 40. Ne5 Rxe5 41. dxe5 h6 42. e6 Qf8 43. Rf7 Qd8 44. Qa4 Qd2 45. Qe8+ Kh7 46. Rf3 Qd1+ 47. Kg2 a4 48. Qb5 a3 49. Qxb4 a2 50. Qe4+ Kg8 51. e7 Qxf3+ 52. Kxf3 g5 53. Qg6+ Kh8 54. Qxh6+ Kg8 55. Qe6+ Kh7 56. Qxa2 g4+ 57. Kxg4 Kh6 58. Qe6+ Kg7 59. e8N+ Kh7 60. Qf7+ 1-0